士師記 - 亂世中的拯救 Judges - Salvation in the world of chaos {ch} / (Record no. 20344)
[ view plain ]
| 000 -LEADER | |
|---|---|
| fixed length control field | 00740nam a2200169 4500 |
| 008 - FIXED-LENGTH DATA ELEMENTS--GENERAL INFORMATION | |
| fixed length control field | 06220402000 -hk chich |
| 020 ## - INTERNATIONAL STANDARD BOOK NUMBER | |
| International Standard Book Number | 9622084257 : |
| Terms of availability | NT304.00 |
| 090 ## - LOCALLY ASSIGNED LC-TYPE CALL NUMBER (OCLC); LOCAL CALL NUMBER (OCLC) | |
| Classification number (OCLC) (R) ; Classification number, CALL (RLIN) (NR) | BS1305.3 |
| Local cutter number (OCLC) ; Book number/undivided call number, CALL (RLIN) | C42 |
| -- | 2000 |
| 100 1# - MAIN ENTRY--PERSONAL NAME | |
| Personal name | 張慕皚 Cheung, James |
| 245 10 - TITLE STATEMENT | |
| Title | 士師記 - 亂世中的拯救 Judges - Salvation in the world of chaos {ch} / |
| Statement of responsibility, etc | 張慕皚 James Cheung, edited by Peter Wai-man Leung. |
| 260 ## - PUBLICATION, DISTRIBUTION, ETC. (IMPRINT) | |
| Place of publication, distribution, etc | Hong Kong : |
| Name of publisher, distributor, etc | 天道書樓出版社 Tien Dao Publishing House, |
| Date of publication, distribution, etc | c2000. |
| 300 ## - PHYSICAL DESCRIPTION | |
| Extent | 273 p. |
| 490 1# - SERIES STATEMENT | |
| Series statement | Life messages series |
| 650 #4 - SUBJECT ADDED ENTRY--TOPICAL TERM | |
| Topical term or geographic name as entry element | 聖經論叢/、舊約士師記Bible. O.T. Judges |
| General subdivision | Commentaries {ch}. |
| 951 ## - EQUIVALENCE OR CROSS-REFERENCE-GEOGRAPHIC NAME/AREA NAME [OBSOLETE] [CAN/MARC only] | |
| General subdivision | 00028068 |
| 700 1# - ADDED ENTRY--PERSONAL NAME | |
| Personal name | Leung, Peter Wai-man |
| 951 ## - EQUIVALENCE OR CROSS-REFERENCE-GEOGRAPHIC NAME/AREA NAME [OBSOLETE] [CAN/MARC only] | |
| -- | C-5234 |
| -- | BS1305.3/C42/2000 |
| -- | 070613111401812 |
| -- | 2000-12-21 |
| -- | REF-CH |
| Withdrawn status | Lost status | Damaged status | Not for loan | Home library | Current library | Shelving location | Date acquired | Accession number | Shelving control number | Total Checkouts | Full call number | Barcode | Date last seen | Price effective from | Koha item type |
|---|---|---|---|---|---|---|---|---|---|---|---|---|---|---|---|
| BSOP Library | BSOP Library | Reference Chinese | 12/21/2000 | C-5234 | 127 | BS1305.3/C42/2000 | 00028068 | 02/23/2013 | 02/23/2013 | Books |
